000 01078cam a2200181 a 4500
999 _c2697
_d2697
020 _a9781591398004 (hardcover : alk. paper)
020 _a1591398002
050 0 0 _aHD69.P75
_bS52
100 1 _aShenhar, Aaron.
245 1 0 _aReinventing project management :
_bthe diamond approach to successful growth and innovation /
_cAaron J. Shenhar, Dov Dvir.
260 _aBoston, Mass. :
_bHarvard Business School Press,
_cc2007.
300 _axii, 276 p. :
_bill. ;
_c24 cm.
500 _aIncludes index
505 _aA new model for managing projects -- Why your business success depends on projects -- What makes a project successful -- The diamond framework -- The four bases of project management -- Novelty -- Technology -- Complexity -- Pace -- Putting the diamond approach to work -- Managing projects for business innovation -- Managing projects within the existing organization -- How markets and industries affect project management -- Reinventing project management for your organization.
650 0 _aProject management.
700 1 _aDvir, Dov.
942 _cBK